000 01244nam a2200349 i 4500
999 _c68860
_d68860
001 68860
003 Mx-PuUPA
005 20220302075614.0
008 200519r20172015mx a br 001 1 spa d
020 _a9786072416871
020 _a9789687791760 de la colección El barco de vapor
040 _aMx-PuUPA
_bspa
_cMx-PuUPA
_dMx-PuUPA
_erda
041 0 _aspa
100 1 _910734
_aParedes, Mauricio,
_d1972-
_eautor
245 1 3 _aLa familia Guácatela /
_cMauricio Paredes ; ilustraciones de Verónica Laymuns.
250 _aPrimera edición
264 3 1 _aCiudad de México :
_bEdiciones SM,
_c2015
300 _a98 páginas :
_bilustraciones,
_c19 cm.
336 _2rdacontent
_atexto
_btxt
337 _2rdamedia
_asin medio
_bn
338 _2rdacarrier
_avolumen
_bnc
490 1 _aEl barco de vapor. Naranja ;
_v73 M
650 1 4 _aConvivencia
_vFicción infantil
650 1 4 _aLiteratura chilena
650 1 4 _aAventuras
_vFicción infantil
700 1 _aLaymuns, Verónica,
_eilustrador
830 3 _aEl barco de vapor.
_pNaranja ;
_v73 M
942 _2ddc
_cLI
_h808.8035234
_iB2973